| 000 | 02915cam a22003618i 4500 | ||
|---|---|---|---|
| 999 |
_c9840 _d9840 |
||
| 001 | 21839611 | ||
| 003 | GBCCL | ||
| 005 | 20241126110720.0 | ||
| 008 | 201208s2021 miu b 001 0 eng | ||
| 010 | _a 2020053957 | ||
| 020 |
_a9781587433450 _q(cloth) |
||
| 020 |
_z9781493431137 _q(ebook) |
||
| 040 |
_aLBSOR/DLC _beng _erda _cDLC _dDLC |
||
| 042 | _apcc | ||
| 050 | 0 | 0 |
_aBS1295.53 _b.H56 2021 |
| 082 | 0 | 0 |
_a220.7 _a222/.207 _223 _bBRA |
| 100 | 1 |
_aHinlicky, Paul R., _eauthor. _915116 |
|
| 245 | 1 | 0 |
_aJoshua / _cPaul R. Hinlicky. |
| 264 | 1 |
_aGrand Rapids, Michigan : _bBrazos Press, a division of Baker Publishing Group, _c[2021] |
|
| 300 |
_axx, 298 pages ; _c24 cm. |
||
| 336 |
_atext _btxt _2rdacontent |
||
| 337 |
_aunmediated _bn _2rdamedia |
||
| 338 |
_avolume _bnc _2rdacarrier |
||
| 490 | 0 | _aBrazos theological commentary on the Bible | |
| 504 | _aIncludes bibliographic references and indexes. | ||
| 505 | 0 | _aYHWH commissions Joshua to succeed Moses (1:1-9) -- Preparations for the battle of the kingdom of YHWH (1:10-18) -- Rahab, confessing YHWH, Tricks her king, saving Joshua's spies and her own Family (2:1-24) -- Israel passes Over the Jordan and memorializes the event (3:1-4:24) -- Joshua prepares the new generation and is prepared by the prince of the army of YHWH (5:1-15) -- The war procession of the throne of YHWH (6:1-27) -- Achan covets (7:1-26) -- Ḥerem consumes Ai and its king (8:1-29) -- Covenant renewal in the promised land (8:30-35) -- The paradox of the Gibeonites (9:1-27) -- The messianic paradox (10:1-15) -- The campaign against the southern kings (10:16-43) -- The alliance of the northern kings against Israel and their defeat (11:1-15) -- The hardening of the hearts of the Canaanite Kings (11:16-20) -- Defeat of the Anakim and the end of battle (11:21-23) -- The end of Canaanite sovereignty (12:1-24) -- Unconquered Canaan (13:1-7) -- The Transjordan (13:7-33) -- The Cisjordan (14:1-5) -- The Kenite's inheritance (14:6-15) -- The territory of Judah and its satellites (15:1-17:18) -- Casting lots at Shiloh for the seven remaining tribes (18:1-19:51) -- Sanctuary (20:1-9) -- Cities assigned to the Levites (21:1-42) -- Conclusion to Israel's initial land reform (21:43-45) -- The true unity of the people of god (22:1-34) -- The aged Joshua bids Israel farewell, not once but twice (23:1-24:33). | |
| 520 |
_a"A leading systematic theologian offers a theological reading of Joshua in this addition to the Brazos Theological Commentary on the Bible"-- _cProvided by publisher. |
||
| 630 | 0 | 0 |
_aBible. _pJoshua _vCommentaries. _915617 |
| 776 | 0 | 8 |
_iOnline version: _aHinlicky, Paul R. _tJoshua _dGrand Rapids, Michigan : Brazos Press, a division of Baker Publishing Group, [2021] _z9781493431137 _w(DLC) 2020053958 |
| 906 |
_a7 _bcbc _corignew _d1 _eecip _f20 _gy-gencatlg |
||
| 942 |
_2ddc _cREF |
||